000
00220 a2200109 4500
005
20260114123739.0
020
_a
9780008606664
100
_a
Mafi T.
_9
216344
245
_a
Unite Me
260
_b
Dean
_c
2023
942
_c
AR
999
_c
369889
_d
369889